ბათუმის შოთა რუსთაველის სახელმწიფო უნივერსიტეტის ბიბლიოთეკა

Элементы математической лингвистики. (ბიბ.ჩანაწერი № 38923)

000 -LEADER
fixed length control field 00551nam a2200193Ia 4500
001 - CONTROL NUMBER
control field 5346
003 - CONTROL NUMBER IDENTIFIER
control field GE_BSU
008 - FIXED-LENGTH DATA ELEMENTS--GENERAL INFORMATION
fixed length control field 181216s||||||||xx |||||||||||||| ||und||
040 ## - CATALOGING SOURCE
Transcribing agency GE_BSU
080 ## - UNIVERSAL DECIMAL CLASSIFICATION NUMBER
Universal Decimal Classification number 519.76
100 ## - MAIN ENTRY--PERSONAL NAME
Personal name Гладкий А.В. Мельчук И.А.
245 ## - TITLE STATEMENT
Title Элементы математической лингвистики.
260 ## - PUBLICATION, DISTRIBUTION, ETC.
Place of publication, distribution, etc. Москва
260 ## - PUBLICATION, DISTRIBUTION, ETC.
Name of publisher, distributor, etc. Наука
260 ## - PUBLICATION, DISTRIBUTION, ETC.
Date of publication, distribution, etc. 1969
300 ## - PHYSICAL DESCRIPTION
Extent 187 с. 20 см.
653 ## - INDEX TERM--UNCONTROLLED
Uncontrolled term Элементы математической лингвистики.
942 ## - ADDED ENTRY ELEMENTS (KOHA)
Koha item type წიგნი

არაა ხელმისაწვდომი ეგზემპლარები.